000 00243nam a2200097Ia 4500
001 753339
005 20250826164720.0
008 250824s9999 xx 000 0 und d
245 0 _aBADEM OPERASYONU
_cMELEK ÇE
260 _bUGUR BÖCEĞİ YAYINLARI
999 _c753339
_d753339